LEADER 01040nam a22002531i 4500 001 991000398239707536 005 20040825122121.0 008 040920s2002 it ita 035 $ab1321486x-39ule_inst 035 $aARCHE-116110$9ExL 040 $aSet. Economia$bita$cA.t.i. Arché s.c.r.l. Pandora Sicilia s.r.l. 082 04$a658.4072 100 1 $aBertoni, Michele$0148404 245 12$aI piani di stock option nella contabilità e nel bilancio delle imprese /$cMichele Bertoni 260 $aMilano :$bGiuffrè,$c2002 300 $aXIII, 268 p. ;$c24 cm 650 4$aCompartecipazione agli utili 650 4$aDirigenti aziendali$xIncentivi 907 $a.b1321486x$b11-03-19$c23-09-04 912 $a991000398239707536 945 $aLE025 ECO 658.4 BER08.01$g1$i2025000173699$lle025$nCatalogato 2019$o-$pE0.00$q-$rl$s- $t0$u5$v4$w5$x0$y.i13870415$z23-09-04 996 $aPiani di stock option nella contabilità e nel bilancio delle imprese$9511350 997 $aUNISALENTO 998 $ale025$b23-09-04$cm$da $e-$fita$git $h2$i1 LEADER 02130nam1-22004211i-450- 001 990009647650403321 005 20231113120300.0 012 $aSOle 22Re arta pado (3) 1576 (R)$2fei$5IT- Na0420: Rari Geogr. C-06-046 035 $a000964765 035 $aFED01000964765 035 $a(Aleph)000964765FED01 035 $a000964765 100 $a20121120h15761575km-y0itay50------ba 101 0 $aita 102 $aIT 140 $aaj--g---e---------------1--- 141 $aa--d-bb-$5IT-Na0420:-Rari-Geogr.-C-06-046-------------------------------------------- 200 1 $a<>isole piu famose del mondo descritte da Thomaso Porcacchi da Castiglione Arretino e intagliate da Girolamo Porro padouano con l'aggiunta di molte isole 210 $aIn Venetia$cappresso Simon Galignani et Girolamo Porro$d1576$eIn Vinetia$gappresso Giorgio Angelieri$ga instantia di Simon Galignani de Karera$h1575 215 $a[28], 201, [3] p.$cill.$dfol. 300 $aFront. architettonico incis. 316 $5IT-NA0420: Rari Geogr. C-06-064$aLegatura in pergamena 317 $5IT-NA0420: Rari Geogr. C-06-064$aSul v. del I f. nota ms. di possesso Ottavianus Scotus Mediolanensis. Sul front. timbro Parrocchia di S. Maria de Servi e nota ms. di possesso Conventus [...]$uhttp://www.nbg.unina.it/porcacchi.html 321 1 $aEDIT16,$cCNCE 37405 610 0 $aIsole$aCartografia antica 620 $aItalia.$dVenezia 700 1$aPorcacchi,$bTommaso$f<1530-1585>$0327571 702 1$aPorro,$bGirolamo$f<1520-1604> 719 00$aGalignani,$bSimone$h& Porro, Girolamo$4650 719 00$aAngelieri,$bGiorgio$4610 801 0$aIT$bUNINA$gRICA$2UNIMARC 856 4 $zVisualizza versione elettronica c/o BNCRoma$uhttps://books.google.it/books?id=cI5bVvtPw2kC&printsec=frontcover&hl=it#v=onepage&q&f=false$e20160905 901 $aAQ 912 $a990009647650403321 952 $aRari Geogr. C-06-046$bIst. 4628$fILFGE 959 $aILFGE 996 $aIsole piu famose del mondo descritte da Thomaso Porcacchi da Castiglione Arretino e intagliate da Girolamo Porro padouano con l'aggiunta di molte isole$9839839 997 $aUNINA